LEADER 01258nam1 2200325 450 001 000008677 005 20071130163349.0 010 $a88-14-10994-X 100 $a20071130d2004----km-y0itay50------ba 101 0 $aita 102 $aIT 105 $ay-------001yy 200 1 $a<>servizi pubblici locali$eguida operativa$fZucchetti ... [et al.]$gcoordinata da Vittorio Italia e Alberto Zucchetti$eorganizzazione, gare, gestione delle reti, erogazione dei servizi, affidamento, aspetti fiscali e responsabilita$eproblemi, casi pratici e formulario 205 $a2. ed. interamente rifatta 210 $aMilano$cGiuffrè$d2004 215 $aXXXV, 1090 p.$d24 cm$e1 CD-ROM 225 2 $aCosa & come. Enti locali$v103 300 $aSegue: Appendice normativa 300 $aIndicazione di A. sul dorso: AA. VV 410 0$12001$aCosa & come. Enti locali$v103 610 1 $aEnti locali - Servizi pubblici - Italia 610 1 $aEnti pubblici - Servizi pubblici - Italia 676 $a343.4509$v21 702 1$aItalia,$bVittorio 702 1$aZucchetti,$bAlberto 801 0$aIT$bUNIPARTHENOPE$c20071130$gRICA$2UNIMARC 912 $a000008677 951 $aI-0078$b037438$cNAVA3$d2007 996 $aServizi pubblici locali$967002 997 $aUNIPARTHENOPE LEADER 00987nam0 22002531i 450 001 UON00343904 005 20231205104309.781 100 $a20091109d1980 |0itac50 ba 101 $aita 102 $aIT 105 $a|||| ||||| 200 1 $aStoria del marxismo. Vol 3: il marxismo nell'età della Terza Internazionale. 1: dalla rivoluzione d'ottobre alla crisi del '29 210 $aTorino$cEinaudi$dc1980 215 $a889 p.$d21 cm. 410 1$1001UON00066010$12001 $aBiblioteca di cultura storica$v136 606 $aMarxismo$3UONC008444$2FI 620 $aIT$dTorino$3UONL000014 712 $aEinaudi$3UONV246211$4650 801 $aIT$bSOL$c20250704$gRICA 899 $aSIBA - SISTEMA BIBLIOTECARIO DI ATENEO$2UONSI 912 $aUON00343904 950 $aSIBA - SISTEMA BIBLIOTECARIO DI ATENEO$dSI TEORIA POL0030 III, 1 $eSI SC 45965 5 III, 1 $sBuono 996 $aStoria del marxismo$9552934 997 $aUNIOR